000 01335nam a22002657a 4500
008 231113s2013 xxk|||||o|||| 00| 0 eng d
041 _aeng
110 _aRoyal Institution of Chartered Surveyors
245 _aValuation of Unregistered Lands
_h[Electronic resource]
260 _aLondon,
_bRoyal Institution of Chartered Surveyors,
_cFebruary 2013
300 _a52p.
490 _aRICS Research
520 _aThe project’s main goal was to support vulnerable sections of Kenyan society; concentrating on the relationship between traditional customary rights, gender and asset values. Unregistered land (whether rural customary land or urban land squatted upon) is difficult to value because of the uncertainty of title. Using Keny as a case study it was intended that the methods developed would be applicable to other countries.
600 _aNzioki, Nicky
600 _aSwazuri, Muhammad
600 _aTracey-White, John
600 _aYahya, Saad
650 _aVALUATION METHODS
650 _aLAND VALUATION
650 _aUNREGISTERED LAND
651 _aKenya
710 _aRoyal Institution of Chartered Surveyors
856 _uhttps://www.rics.org/profession-standards/knowledge-and-information-services/document-delivery-and-other-kis-fees
_zemail [email protected] to request a digital copy
942 _n0
999 _c121716
_d121716